[Event "85th Southwest Open 2019"]
[Site "Dallas"]
[Date "2019.09.03"]
[Round "9.23"]
[White "Coraretti, Benjamin"]
[Black "Stefanov, Emil"]
[Result "0-1"]
[WhiteElo "2070"]
[BlackElo "2390"]
[Annotator "TA"]
[PlyCount "106"]
[EventDate "2019.08.29"]
[EventType "swiss"]
[EventCountry "USA"]
[SourceTitle "playchess.com"]
[Source "ChessBase"]
[SourceQuality "1"]

{[%evp 9,106,12,37,29,29,31,35,30,35,26,35,2,10,6,16,-6,10,-10,-11,-14,-8,-32,-29,-50,-48,-57,-53,-41,-20,-97,-108,-96,-93,-142,-150,-149,-156,-159,-148,-180,-165,-305,-323,-469,-467,-577,-412,-491,-385,-452,-434,-579,-559,-605,-593,-617,-207,-211,-208,-191,-134,-386,-385,-433,-425,-471,-473,-449,-306,-293,-254,-384,-380,-1037,-1063,-1006,-850,-6275,-6515,-9435,-9652,-6635,-6099,-6070,-5709,-29985,-29986,-29986,-29987,-29987,-29988,-29988,-29989,-29990,-29991,-29991,-29992,-29995,-29996]} 1. Nf3 c5 2. b3 b6 (2... Nf6 3. e3 g6 4. Bb2 Bg7 5. c4 O-O 6. Be2 b6 7. O-O Bb7 8. d4 cxd4 9. Nxd4 d5 10. Na3 Nc6 11. Nxc6 Bxc6 12. Bf3 Rc8 13. cxd5 Nxd5 14. Bxg7 Kxg7 15. Rc1 Nb4 16. Bxc6 Nxc6 17. Qe2 Qd6 {1-0 (57) Nakamura,H (2746)-So,W (2765) Kolkata 2018}) 3. Bb2 Bb7 4. e3 e6 5. Be2 f5 $146 ({Predecessor:} 5... Nf6 6. O-O Be7 7. c4 O-O 8. d3 d5 9. Nbd2 Nc6 10. a3 Rc8 11. Re1 Qc7 12. Qc2 Rfd8 13. Rac1 Qb8 14. Qb1 dxc4 15. dxc4 Qa8 16. Bc3 Na5 17. b4 cxb4 18. axb4 {0-1 (39) Alexikov,A (2332)-Bortnyk,O (2568) Lvov 2016}) 6. O-O {A04: Unusual lines after 1 Nf3 and King's Indian Attack} Nf6 7. d4 Be7 8. c4 {White is slightly better.} O-O 9. Nc3 Ne4 10. Qd3 Bf6 11. Rad1 d6 12. Qb1 Nd7 13. Qa1 Nxc3 14. Bxc3 Qe7 15. dxc5 bxc5 16. Rd2 a5 17. Rfd1 Ra6 18. Ne1 a4 19. b4 (19. Qc1 $11 {remains equal.}) 19... cxb4 $17 20. Bxf6 Nxf6 {[#]} 21. c5 $1 {[%mdl 512]} dxc5 22. Bxa6 Bxa6 23. Qe5 {[#]} Re8 $1 24. Nf3 Bb7 25. Rd6 (25. Rc1 $142) 25... Bd5 $19 26. a3 (26. h3 $142) 26... bxa3 27. Ra6 a2 28. Ra1 Bb3 29. Ra5 Ne4 30. Qb2 Rd8 31. g3 Qc7 32. Rb5 Qc6 $2 (32... c4 33. Qa3 c3) 33. Rxb3 axb3 34. Qxb3 {[#]} h6 (34... Nd2 $1 $19 {[%cal Rd2b3]} 35. Nxd2 Rxd2 36. Rxa2 Rxa2 37. Qxa2 c4) 35. Rxa2 $2 {[%mdl 8192]} (35. Qxa2 $17 {keeps fighting.} Qd5 36. Qxd5 Rxd5 37. Rc1) 35... c4 36. Qc2 {[#]} Nxg3 $1 {[%mdl 576] Discovered Attack} 37. hxg3 {Black must now prevent Nd4.} (37. fxg3 Qxf3) 37... Qxf3 {[%mdl 4096] Endgame KQR-KQR} 38. Ra1 Rc8 39. Qc3 Rc7 40. Qe5 (40. Rc1 $142) 40... Qc6 41. Ra6 $2 (41. Qc3) 41... Qxa6 42. Qxc7 {KQ-KQ} Kh7 43. Kh2 Qa2 44. Kg2 Qc2 45. g4 fxg4 46. Qc6 Qf5 47. e4 Qf3+ {Black mates.} 48. Kg1 c3 49. Qxe6 c2 50. Qc8 Qd1+ 51. Kh2 c1=Q {[%csl Gc1][%cal Rd1g1]} 52. Qf5+ Kg8 {[%csl Gc1][%cal Rd1g1]} 53. Qe6+ Kh8 {Accuracy: White = 32%, Black = 77%.} 0-1

[Event "85th Southwest Open 2019"]
[Site "Dallas"]
[Date "2019.09.02"]
[Round "9.24"]
[White "Easton, Jack"]
[Black "Kondakov, Adrian"]
[Result "1-0"]
[WhiteElo "2182"]
[BlackElo "2027"]
[Annotator "TA"]
[PlyCount "121"]
[EventDate "2019.08.29"]
[EventType "swiss"]
[EventCountry "USA"]
[SourceTitle "playchess.com"]
[Source "ChessBase"]
[SourceQuality "1"]

{[%evp 23,121,67,89,79,85,78,108,113,116,105,106,113,217,256,343,321,420,375,808,807,784,797,800,798,775,775,758,746,4902,4902,1358,960,890,734,868,728,708,715,739,743,695,663,792,793,1000,961,1067,1066,1055,1049,1727,1744,1545,991,929,906,1497,1264,1694,1699,1672,1666,1638,1500,29981,1135,1024,1051,29981,-174,29982,29983,29984,29985,29985,29986,29987,29987,29986,29986,29987,29988,29990,29990,29990,29991,29992,29993,29993,29994,29994,29995,29995,29996,29997,29997,29997,29998,29998,29999]} 1. d4 Nf6 2. c4 g6 3. Nc3 Bg7 4. e4 d6 5. Nf3 O-O 6. Be2 e5 7. O-O exd4 8. Nxd4 Re8 9. f3 c6 10. Kh1 Nh5 11. g4 Nf6 12. Bf4 h5 13. Nf5 {E94: King's Indian: Classical: 6 Be2 e5 7 0-0: Various Black 7th moves} gxf5 14. gxf5 d5 15. cxd5 {White is better.} cxd5 16. Rg1 {[%cal Rc3d5]} (16. e5 Bxf5 17. exf6 Qxf6 18. Nxd5 Qxb2 19. Ne7+ Rxe7 20. Qd8+ Bf8 {½-½ (32) Korobov,A (2699)-Kovalev,V (2687) Wijk aan Zee 2019}) 16... dxe4 17. Nxe4 Nxe4 (17... Qxd1 $16 {was called for.} 18. Nxf6+ Kh8 19. Raxd1 Bxf6) 18. fxe4 $18 Qxd1 19. Raxd1 Kh8 20. f6 $1 {aiming for Rd5.} Bxf6 $146 {[#]} (20... Be6) ({Predecessor:} 20... Bg4 21. Bxg4 hxg4 22. Rxg4 {1-0 (22) Demianjuk,A (2366)-Maslov,I (2202) Voronezh 2014}) 21. Rd5 $1 {[%cal Rd5h5]} Bg4 22. Bxg4 hxg4 23. Rxg4 {[%cal Rd5h5]} Bg7 24. Rh5+ Kg8 {[#]} 25. Rhg5 $1 {[%mdl 512]} f6 26. Rxg7+ {[%mdl 64] Double Attack} Kh8 27. R7g6 {[%cal Rg6h6]} Re7 28. Rg8+ Kh7 29. Rxb8 Rxb8 30. Bxb8 {[%mdl 4096] Endgame KRB-KR} a6 31. Bg3 Rd7 32. Rf4 Kg6 33. Bh4 Rd1+ 34. Kg2 Rd2+ 35. Rf2 Rd4 36. Rxf6+ Kh5 37. Bf2 Rxe4 38. Rb6 Re7 39. h4 Rf7 40. Kg3 Rg7+ 41. Kh3 Rf7 42. Bg3 Rd7 43. Rf6 Rd2 {[#]} 44. Re6 (44. Rh6+ $142 $3 {[%mdl 512]} Kxh6 45. Bf4+ {[%mdl 64] Double Attack} Kg6 46. Bxd2 Kf5 47. h5 a5 48. h6 Kg6 49. a4) 44... Rd4 45. Bf2 Rf4 {[#]} 46. Rh6+ $3 {[%mdl 512]} Kxh6 $19 {KR-KB} 47. Be3 {White mates.} Kh5 48. Bxf4 {KB-KPP} b6 49. a4 b5 50. axb5 axb5 {KB-KP} 51. b4 Kg6 52. Kg4 Kh7 53. Kg5 Kg7 54. h5 Kh7 55. h6 Kg8 56. Kg6 Kf8 57. h7 Ke7 58. h8=Q Ke6 59. Qe5+ {[%mdl 64] Double Attack} Kd7 60. Qd6+ Ke8 61. Qc7 {Accuracy: White = 88%, Black = 18%.} 1-0

[Event "85th Southwest Open 2019"]
[Site "Dallas"]
[Date "2019.09.03"]
[Round "9.25"]
[White "Kumar, Naman"]
[Black "Sanchez, Robert"]
[Result "0-1"]
[WhiteElo "2158"]
[BlackElo "1933"]
[Annotator "TA"]
[PlyCount "98"]
[EventDate "2019.08.29"]
[EventType "swiss"]
[EventCountry "USA"]
[SourceTitle "playchess.com"]
[Source "ChessBase"]
[SourceQuality "1"]

{[%evp 15,98,19,34,4,9,15,13,-29,-26,-24,12,-34,-34,-34,-34,-30,-36,-45,-36,-35,-42,-61,-35,-58,-22,-21,-14,-54,-60,-57,-41,-62,-55,-57,-55,-54,-54,-54,-54,-56,-56,-57,-56,-57,-56,-58,-62,-87,-81,-102,-102,-102,-102,-102,-102,-102,-102,-102,-102,-102,-102,-102,-61,-61,-61,-61,-61,-61,-35,-156,-156,-116,-116,-5202,-4855,-29971,-29971,-29975,-29976,-29976,-29977,-29977,-29978,-29978,-29979]} 1. e4 e6 2. d4 d5 3. Nc3 Nf6 4. e5 Nfd7 5. f4 c5 6. Nf3 Nc6 7. Be3 cxd4 8. Nxd4 Be7 9. Bb5 {C11: French: Classical System: 4 e5 and 4 Bg5 dxe4} (9. Qd2 a6 10. O-O-O Nxd4 11. Bxd4 b5 12. f5 Bg5 13. Be3 Bxe3 14. Qxe3 Qb6 15. Qg3 g6 16. f6 Bb7 {0-1 (46) Miedema,D (2356)-Soares,L (2036) Lisbon 2019}) 9... Nxd4 10. Bxd4 O-O 11. Bxd7 {The position is equal.} Bxd7 12. O-O f6 13. Qg4 $146 ({Predecessor:} 13. f5 fxe5 14. Bxe5 Rf6 15. Bxf6 Bxf6 16. Nxd5 exd5 17. Qxd5+ {0-1 (34) Szulski,A (1755)-Zeggelaar,M (1834) Lethbridge 2009}) 13... fxe5 14. fxe5 Qa5 15. a3 {With the idea b4.} Rxf1+ 16. Rxf1 {[#] Black must now prevent b4.} Rf8 17. Rxf8+ Bxf8 18. Qe2 a6 19. Qe3 Qd8 20. Ne2 Qh4 {[%cal Rh4e1] [#]} 21. g3 Qg4 22. Kg2 Bb5 23. Nc3 Be8 24. h3 Qf5 25. Qf2 Bg6 26. Qxf5 Bxf5 $15 {[%mdl 4096] Endgame KBB-KBN} 27. Na4 $1 Bxc2 28. Nc5 Bxc5 $1 29. Bxc5 {KB-KB} Kf7 30. Kf3 g5 31. h4 Kg6 32. hxg5 Kxg5 33. Bd4 Bd1+ 34. Ke3 Kf5 35. Bc3 b5 36. b4 Kg4 37. Kf2 h5 38. Bd4 h4 39. gxh4 Kf4 40. Ke1 Bh5 {Hoping for ...Ke4.} 41. Kd2 Ke4 42. Kc3 (42. Bb6 $1 $15) 42... Bg6 $17 43. Ba7 Kxe5 {Threatens to win with ...Ke4.} 44. Bb8+ $2 {[%mdl 8192]} (44. h5 $17 Bxh5 45. Kd3) 44... Ke4 $19 45. Bc7 e5 {Black mates.} 46. Bb8 d4+ 47. Kd2 Kd5 48. Bc7 e4 49. Bf4 e3+ {Accuracy: White = 42%, Black = 84%.} 0-1